Normal view
MARC view
Entry Personal Name
001 - CONTROL NUMBER
- control field: 3608
003 - CONTROL NUMBER IDENTIFIER
- control field: SLTCLib
005 - DATE AND TIME OF LATEST TRANSACTION
- control field: 20260615150737.0
008 - FIXED-LENGTH DATA ELEMENTS
- fixed length control field: 260615|| aca||aabn | a|a d
040 ## - CATALOGING SOURCE
- Original cataloging agency: SLTCLib
- Transcribing agency: SLTCLib
100 ## - HEADING--PERSONAL NAME
- Personal name: George, Michael L.
670 ## - SOURCE DATA FOUND
- Source citation: Work cat.: (SLTCLib): George, Michael L., The Lean Six Sigma Pocket Toolbook, 2005